| 000 | 00480nam a2200169Ia 4500 | ||
|---|---|---|---|
| 003 | OSt | ||
| 005 | 20260303114036.0 | ||
| 008 | 211028s2004 xx 000 0 und d | ||
| 040 | _cAIMIT LIBRARY | ||
| 041 | _aeng | ||
| 100 |
_aGeorge, Hiromy;Britto, Roshan. _g194014 _92312 |
||
| 110 |
_aBritto, Roshan. _92313 |
||
| 245 | _aDevelopment of tools for bioinformatics / | ||
| 260 |
_aMangalore _c2004 |
||
| 710 |
_aAloysius Institute of Computer Science _92314 |
||
| 942 |
_2ddc _cPRO |
||
| 999 |
_c216855 _d216855 |
||